| 000 | 00657nam a22002297a 4500 | ||
|---|---|---|---|
| 003 | BJBSDDR | ||
| 005 | 20260331062934.0 | ||
| 007 | ta | ||
| 008 | 250911b DR ||||| |||| 00| 0 spa d | ||
| 020 | _a, 8475332927 | ||
| 020 | _a9788475332925 | ||
| 040 |
_bspa _cBJBSDDR |
||
| 041 | _aspa | ||
| 050 | _bA872i 1985 | ||
| 100 | 1 |
_aAtienza Rodríguez, Manuel, _d1951- _917581 |
|
| 245 | 1 | 0 |
_aIntroducción al Derecho/ _cManuel Atienza, Elías Díaz |
| 260 |
_aBarcelona ; _b Barcanova, _c1985 |
||
| 300 |
_a XII, 403 pages ; _b22 cm. |
||
| 650 | 0 |
_aColección Celestino del Arenal (CCA) _915749 |
|
| 700 | 1 |
_aDíaz, Elías _944866 |
|
| 942 |
_2lcc _n0 _cBK |
||
| 999 |
_c125137 _d125137 |
||